The Nature of Northern Australia (Record no. 351377)
[ view plain ]
| 000 -LEADER | |
|---|---|
| fixed length control field | 00782nam a2200133Ia 4500 |
| 008 - FIXED-LENGTH DATA ELEMENTS--GENERAL INFORMATION | |
| fixed length control field | 171212s9999 xx 000 0 und d |
| 020 ## - INTERNATIONAL STANDARD BOOK NUMBER | |
| International Standard Book Number | 9781921313301 |
| 100 ## - MAIN ENTRY--PERSONAL NAME | |
| Personal name | Woinarski, John;Mackey, Brendan;Nix, Henry;Traill, Barry |
| 245 ## - TITLE STATEMENT | |
| Statement of responsibility, etc | Woinarski, John;Mackey, Brendan;Nix, Henry;Traill, Barry |
| Title | The Nature of Northern Australia |
| Remainder of title | Its natural values, ecological processes and future prospects |
| 260 ## - PUBLICATION, DISTRIBUTION, ETC. (IMPRINT) | |
| Name of publisher, distributor, etc | ANU E Press |
| Date of publication, distribution, etc | 2007 |
| 650 ## - SUBJECT ADDED ENTRY--TOPICAL TERM | |
| Topical term or geographic name as entry element | Ecology & Evolutionary Biology |
| 650 ## - SUBJECT ADDED ENTRY--TOPICAL TERM | |
| Topical term or geographic name as entry element | Environmental sciences -- Australia, Northern; Human ecology -- Australia, Northern; Social ecology -- Australia, Northern; Human geography -- Australia, Northern; Australia, Northern -- Economic conditions; Australia, Northern -- Social policy |
| 856 ## - ELECTRONIC LOCATION AND ACCESS | |
| Uniform Resource Identifier | <a href="www.jstor.org/stable/10.2307/j.ctt24h8n3">www.jstor.org/stable/10.2307/j.ctt24h8n3</a> |
| Withdrawn status | Lost status | Damaged status | Home library | Current library | Date acquired | Total Checkouts | Date last seen | Price effective from | Koha item type |
|---|---|---|---|---|---|---|---|---|---|
| College Library | College Library | 12/12/2017 | 12/12/2017 | 12/12/2017 | Curriculum - Based eBooks |